Statistics for Mirrored letters

Click here to take the quiz!

General Stats

  • This quiz has been taken 26 times
  • The average score is 17 of 26

Answer Stats

Answer% Correct
HB
90%
HH
90%
HC
85%
HI
85%
VA
80%
HD
80%
HE
75%
VH
75%
VI
75%
VM
75%
HO
75%
HX
75%
VO
65%
VT
65%
VW
60%
VU
55%
VV
55%
VX
55%
RO
50%
VY
50%
RH
45%
RI
45%
RN
40%
RX
40%
RS
35%
RZ
35%

Score Distribution

Percentile by Number Answered

Percent of People with Each Score

Your Score History

You have not taken this quiz